Statistics for Car Quiz (Lamborghini Edition)

Click here to take the quiz!

General Stats

  • This quiz has been taken 94 times
  • The average score is 13 of 26

Answer Stats

Answer% Correct
Gallardo
88%
Urus
88%
Huracán
81%
Aventador
79%
Veneno
75%
Murciélago
72%
Countach
71%
Sián
71%
Miura
67%
Centenario
64%
Diablo
63%
Sesto Elemento
63%
Reventón
57%
LM002
52%
Espada
41%
Estoque
37%
Jarama
33%
Terzo Millennio
32%
Asterion
28%
400 GT
25%
350 GT
24%
Jalpa
24%
Urraco
24%
Silhouette
23%
Islero
16%
Marzal
15%

Score Distribution

Percentile by Number Answered

Percent of People with Each Score

Your Score History

You have not taken this quiz